লোডিং...

Towards operational disequilibrium macroeconomics

গ্রন্থ-পঞ্জীর বিবরন
প্রধান লেখক: Siebrand,Jan C
বিন্যাস: Printed Book
ভাষা:English
প্রকাশিত: Hague Martinus Nijhoff 1979
বিষয়গুলি:
LEADER 00574nam a22001697a 4500
005 20160820112513.0
008 091006t xxu||||| |||| 00| 0 eng d
082 |a 330.101.541  |b SIE 
100 |a Siebrand,Jan C  |9 3568 
245 |a Towards operational disequilibrium macroeconomics 
300 |a xv,169p. 
653 |a disequilibrium  |a macroeconomics 
942 |c BK  |6 _ 
260 |a Hague  |b Martinus Nijhoff  |c 1979 
020 |a 9024721539 
999 |c 171281  |d 171281 
952 |0 0  |1 0  |2 ddc  |4 0  |6 330101541_SIE  |7 0  |9 222507  |a DAE  |b DAE  |d 2009-10-06  |o 330.101.541 SIE  |p ECO04608  |r 2016-08-20  |w 2016-08-20  |y BK